000
00287 a2200121 4500
001
32096
082
_a
623.734821STI
090
_c
21545
_d
21545
100
_a
Stimson, George W
245
_a
Introduction to Airborne Radar, 2nd Ed
260
_a
N.J
_b
Scitech
_c
1998
300
_a
576
942
_a
NUST-CAE
_k
623.734821STI
999
_c
267169
_d
267169